| 000 | 01764nam2a2200313 4500 | ||
|---|---|---|---|
| 001 | RU\NLR\BIBL_A\012079521 | ||
| 005 | 20190917103543.0 | ||
| 010 |
_a978-5-7425-0189-3 _91000 |
||
| 021 |
_aRU _bКН-П-19-054892 _9КН-П-19-3943 |
||
| 035 | _a(NLR Aleph) 012079521 | ||
| 035 | _a(RuMoRGB)010049182 | ||
| 090 |
_a11796913 _c11796913 |
||
| 100 | _a20190823d2018 k y0rusy50 ca | ||
| 101 | 0 |
_arus _aeng _deng _erus _eeng |
|
| 102 | _aRU | ||
| 105 | _aa|||z|||000zy | ||
| 200 | 0 | _aТ. 2 | |
| 210 | _d2018 | ||
| 215 |
_a215 с. _cил., табл. |
||
| 320 | _aБиблиогр.: с. 208-215 (168 назв.), в тексте и в подстроч. примеч. | ||
| 461 | 0 |
_1001RU\NLR\BIBL_A\012079520 _12001#$aНастоящее и будущее семьи в меняющемся мире$vТ. 2 _911796910 _cМосква _d2018 _f[Римашевская Н.М., чл.-корреспондент РАН, д.э.н., профессор, Александрова О.А., д.э.н., профессор, Алексеева О.А., к.э.н. и др.] _lThe present and the future of family in the changing world _nЭкономическое образование _oколлективная монография _tНастоящее и будущее семьи в меняющемся мире _vТ. 2 |
|
| 606 | 1 |
_aСемья _xДемографические исследования _yРоссийская Федерация _92311581 _3RU\NLR\AUTH\661383418 |
|
| 606 | 1 |
_aСемья _xСоциологические исследования _yРоссийская Федерация _92193895 _3RU\NLR\AUTH\661318659 |
|
| 686 | 1 | _aС73(2)74-242 | |
| 686 | 1 | _aС550.537 | |
| 942 | _cBOOK | ||
| 980 | _aNB | ||